000 00514nam a2200181Ia 4500
005 20250508161936.0
008 008 250505s9999 xx 000 0 eng d
037 _aTextual
040 _aFEDL
_beng
_cFEDL
041 _aeng
_2eng
084 _a360, HAL
_qFEDL
100 _aHall Penelope M.
_9771860
245 0 _aSocial services of modern England
260 _aLondon, UK
_bRoutledge and Kegan Paul Limited
_c1957
300 _avii,336p.
942 _cTEXL
_h360, HAL
999 _c1373391
_d1373391